Vista normal
Vista MARC
Entrada Personal Name
Número de registros utilizados en: 1
001 - CONTROL NUMBER
- control field: 8762
003 - CONTROL NUMBER IDENTIFIER
- control field: DLC
005 - DATE AND TIME OF LATEST TRANSACTION
- control field: 20220510154724.0
008 - FIXED-LENGTH DATA ELEMENTS
- fixed length control field: 801114n| azannaab |n aaa
010 ## - LIBRARY OF CONGRESS CONTROL NUMBER
- LC control number: n 80128682
040 ## - CATALOGING SOURCE
- Original cataloging agency: DLC
- Language of cataloging: spa
- Description conventions: rda
- Transcribing agency: Mx-PuUPA
- Modifying agency: DLC
- Modifying agency: Mx-PuUPA
046 ## - SPECIAL CODED DATES
- Birth date: 1910
100 10 - HEADING--PERSONAL NAME
- Personal name: Lattes, Raffaele,
- Dates associated with a name: 1910-
374 ## - OCCUPATION
- Occupation: Autor
375 ## - GENDER
- Gender: hombre
377 ## - ASSOCIATED LANGUAGE
- Language code: eng
670 ## - SOURCE DATA FOUND
- Source citation: Stout, A. P.
- Information found: Tumors of the soft tissues, 1967.
670 ## - SOURCE DATA FOUND
- Source citation: Information from 678 converted Dec. 18, 2014
- Information found: (professor of surgical pathology, Columbia University, College of Physicians and Surgeons, New York, N.Y.)
670 ## - SOURCE DATA FOUND
- Source citation: Biblioteca del congreso (Estados Unidos), 22 enero 2019:
- Information found: catálogo electrónico
- Uniform Resource Identifier: https://goo.gl/ZPz85m